000 01222cam a2200373 a 4500
001 3294
003 FISKH
005 20250221100720.0
008 990311s1999 nyua b 000 1 eng
010 _a 99020898
020 _a0448419793 (pbk.)
020 _a0448420465 (gb.)
020 _a9780439852395
040 _aDLC
_cDLC
_beng
042 _alcac
050 0 0 _aPZ7.M47879
_bSi 1999
082 0 0 _a[Fic]
_221
100 1 _aMcMullan, Kate.
245 1 0 _aSir Lancelot, where are you? /
_cby Kate McMullan ; illustrated by Bill Basso.
250 _aFirst Scholastic, March 2006
260 _aNew York :
_bScholastic,
_c2003
300 _a109 pages ;
_billustrations ;
_c20 cm
490 1 _aDragon Slayers' Academy ;
_vBook 6
505 _aI
520 _aAfter the witch, Morgana le Fay, puts a curse on Sir Lancelot, three knights-in-training from the Dragon Slayers' Academy set out to save him.
521 _a450
_bLexile
521 _aI
_bRaz-Plus
650 1 _aKnights and knighthood
_vFiction.
650 1 _aTrolls
_vFiction.
650 1 _aWitches
_vFiction.
700 1 _aBasso, Bill,
_eillustrator
906 _a7
_bcbc
_corignew
_d1
_eocip
_f19
_gy-gencatlg
942 _2ddc
_cBK
_n0
999 _c3294
_d3294